|
|
|
|
| LEADER |
00000nab a2200000ua 4500 |
| 001 |
vtls010752076 |
| 003 |
SK-MaSNL |
| 005 |
20260304202821.0 |
| 008 |
250718s1992 xo |||||||||||||||||slo| |
| 035 |
|
|
|a (urnnbn)urn:nbn:sk:snk:ar-a021ok
|
| 035 |
|
|
|a (uuid)8b00512e-66db-4ddc-898b-f51103d36d65
|
| 035 |
|
|
|a urn:nbn:sk:snk-ab4h8z
|
| 040 |
|
|
|a SNKBUCL
|b slo
|c SNKBUCL
|e AACR2
|
| 041 |
0 |
|
|a eng
|
| 044 |
|
|
|a xo
|c SK
|
| 100 |
1 |
|
|a Hoffman, Rudolf
|4 aut
|9 272500
|
| 245 |
1 |
4 |
|a The Sociology and the Army
|c Rudolf Hoffman
|
| 773 |
0 |
|
|t Sociológia : časopis Sociologického ústavu Slovenskej akadémie vied
|g Roč. 24, č. 3 (1992), s. 31-32
|
| 850 |
|
|
|a Slovenská národná knižnica
|
| 852 |
|
|
|a Slovenská národná knižnica
|
| 958 |
|
|
|a article3
|
| 958 |
|
|
|a OND
|
| 958 |
|
|
|a EUIPO
|
| 999 |
|
|
|c 3105639
|d 3107569
|